[Event "SK Germania Kupferdreh 1 - SC Rochade R"]
[Site "Verbandsklasse - Gruppe 2 202"]
[Date "2021.11.14"]
[Round "2.8"]
[White "Richter, Rainer"]
[Black "Busacker, Holger"]
[Result "1/2-1/2"]
[WhiteElo "1939"]
[BlackElo "1795"]
[PlyCount "66"]
[EventDate "2021.??.??"]
[WhiteTeam "SK Germania Kupferdreh 1"]
[BlackTeam "SC Rochade Rüttenscheid 1"]

1. d4 Nf6 2. Nf3 c5 3. c3 cxd4 4. cxd4 d5 5. Nc3 e6 6. g3 Be7 7. Bg2 O-O 8. O-O
Nc6 9. Bf4 b6 10. Rc1 Bb7 11. h3 Rc8 12. Qd3 h6 13. g4 Nh7 14. Rfd1 Qd7 15. h4
g5 16. hxg5 hxg5 17. Be5 Qe8 18. e4 f6 19. Bg3 Nb4 20. Qb1 dxe4 21. Nxe4 Qg6
22. Nd6 Qxb1 23. Rxb1 Bxf3 24. Nxc8 Bxd1 25. Nxe7+ Kf7 26. Rxd1 Kxe7 27. Be4
Rf7 28. Rc1 Nd5 29. Rc8 Kd7 30. Ra8 Kc6 31. Rc8+ Kd7 32. Ra8 Kc6 33. Rc8+ Kd7
1/2-1/2

[Event "SC Doppelbauer Brambauer 1 - SV Welper "]
[Site "Verbandsklasse - Gruppe 2 202"]
[Date "2021.11.14"]
[Round "2.1"]
[White "Teich, Udo"]
[Black "Remmler, Volker"]
[Result "1/2-1/2"]
[WhiteElo "1861"]
[BlackElo "2008"]
[PlyCount "31"]
[EventDate "2021.??.??"]
[WhiteTeam "SV Welper 2"]
[BlackTeam "SC Doppelbauer Brambauer 1"]

1. c4 Nf6 2. Nf3 g6 3. g3 Bg7 4. Bg2 O-O 5. O-O d6 6. Nc3 c6 7. e4 a5 8. Re1 e5
9. h3 Na6 10. d4 Nd7 11. Be3 Qe7 12. Qd2 Nc7 13. a4 Na6 14. Rad1 Re8 15. d5 Bf8
16. Nh2 1/2-1/2

[Event "SC Doppelbauer Brambauer 1 - SV Welper "]
[Site "Verbandsklasse - Gruppe 2 202"]
[Date "2021.11.14"]
[Round "2.2"]
[White "Koth, Stefan"]
[Black "Sharma, Danesh"]
[Result "1-0"]
[WhiteElo "2046"]
[BlackElo "1907"]
[PlyCount "87"]
[EventDate "2021.??.??"]
[WhiteTeam "SC Doppelbauer Brambauer 1"]
[BlackTeam "SV Welper 2"]

1. c4 Nf6 2. Nc3 g6 3. d4 Bg7 4. e4 d6 5. f3 O-O 6. Be3 e5 7. d5 b6 8. Bd3 a5
9. Nge2 Ne8 10. O-O f5 11. f4 fxe4 12. Bxe4 Bg4 13. h3 Bxe2 14. Qxe2 exf4 15.
Bxf4 Nd7 16. Rae1 Nef6 17. Bc2 Nh5 18. Bh2 Bd4+ 19. Kh1 Be5 20. Ba4 Bxh2 21.
Kxh2 Ne5 22. Nb5 Qh4 23. Kg1 Ng3 24. Rxf8+ Rxf8 25. Qe3 Nf5 26. Qc3 Nf3+ 27.
gxf3 Qg3+ 28. Kf1 Nh4 29. Re3 Nxf3 30. Ke2 Qg2+ 31. Kd1 Ne5 32. Nd4 Rf1+ 33.
Re1 Rxe1+ 34. Kxe1 Qe4+ 35. Kd2 Qg2+ 36. Kc1 Qf1+ 37. Bd1 Nxc4 38. Ne6 Ne5 39.
Nxc7 Nd3+ 40. Kd2 Nc5 41. Qe3 Qg2+ 42. Kc1 Ne4 43. Ne6 g5 44. Qd4 1-0

[Event "SC Doppelbauer Brambauer 1 - SV Welper "]
[Site "Verbandsklasse - Gruppe 2 202"]
[Date "2021.11.14"]
[Round "2.3"]
[White "Heidt, Viktor"]
[Black "Czeratzki, Michael"]
[Result "1/2-1/2"]
[WhiteElo "1815"]
[BlackElo "1928"]
[PlyCount "89"]
[EventDate "2021.??.??"]
[WhiteTeam "SV Welper 2"]
[BlackTeam "SC Doppelbauer Brambauer 1"]

1. c4 f5 2. Nc3 Nf6 3. g3 e6 4. Bg2 d5 5. Nf3 c6 6. b3 Bd6 7. Bb2 O-O 8. e3 Qe8
9. O-O Nbd7 10. d3 Bb4 11. Qc2 Qh5 12. Ne2 h6 13. Nf4 Qf7 14. h4 Bd6 15. cxd5
exd5 16. Nd2 Nb6 17. Nh3 Bd7 18. e4 fxe4 19. dxe4 Nxe4 20. Nxe4 dxe4 21. Qxe4
Rae8 22. Qd3 Bc7 23. Bd4 Rd8 24. Qc3 Bf5 25. Rad1 Rfe8 26. Be3 Nd5 27. Bxd5
Rxd5 28. Nf4 Bxf4 29. Bxf4 Be4 30. f3 Rxd1 31. Rxd1 Bd5 32. Kf2 Qe6 33. Re1
Qxe1+ 34. Qxe1 Rxe1 35. Kxe1 Bxf3 36. Kd2 Kf7 37. Ke3 Bd5 38. Kd4 Ke6 39. Bb8
a5 40. Bc7 a4 41. bxa4 Bxa2 42. a5 Bb3 43. Kc5 Kd7 44. Kb6 Kc8 45. Be5 1/2-1/2

[Event "SC Doppelbauer Brambauer 1 - SV Welper "]
[Site "Verbandsklasse - Gruppe 2 202"]
[Date "2021.11.14"]
[Round "2.4"]
[White "Zimmermann, Dirk"]
[Black "Leimkuehler, Dirk"]
[Result "1/2-1/2"]
[WhiteElo "1861"]
[BlackElo "1828"]
[PlyCount "46"]
[EventDate "2021.??.??"]
[WhiteTeam "SC Doppelbauer Brambauer 1"]
[BlackTeam "SV Welper 2"]

1. d4 f5 2. c4 Nf6 3. Nf3 g6 4. Nc3 Bg7 5. g3 O-O 6. Bg2 d6 7. O-O Nc6 8. b3 e5
9. dxe5 dxe5 10. Ba3 Re8 11. Qxd8 Rxd8 12. Rad1 e4 13. Rxd8+ Nxd8 14. Nd4 c6
15. Rd1 Ne6 16. e3 a6 17. Na4 Nxd4 18. exd4 Be6 19. Nb6 Re8 20. Bf1 Nd7 21.
Nxd7 Bxd7 22. Be2 Bf8 23. Bxf8 Kxf8 1/2-1/2

[Event "SC Doppelbauer Brambauer 1 - SV Welper "]
[Site "Verbandsklasse - Gruppe 2 202"]
[Date "2021.11.14"]
[Round "2.5"]
[White "Wallhof, Dieter"]
[Black "Jochmann, Christian"]
[Result "1/2-1/2"]
[WhiteElo "1820"]
[BlackElo "1880"]
[PlyCount "80"]
[EventDate "2021.??.??"]
[WhiteTeam "SV Welper 2"]
[BlackTeam "SC Doppelbauer Brambauer 1"]

1. b3 d5 2. Bb2 c5 3. e3 Nf6 4. f4 Nc6 5. Bb5 Qb6 6. Qe2 a6 7. Bxc6+ Qxc6 8.
Nf3 Bg4 9. Ne5 Bxe2 10. Nxc6 Bg4 11. Ne5 Bf5 12. d3 Ng4 13. Nxg4 Bxg4 14. Nd2
O-O-O 15. O-O f6 16. Rae1 e6 17. e4 d4 18. a4 b6 19. h3 Bh5 20. g4 Bf7 21. Nf3
Be7 22. Rd1 Rd7 23. Kg2 Kc7 24. e5 h5 25. Rh1 Rdd8 26. g5 Be8 27. Rhe1 f5 28.
Nh4 b5 29. axb5 axb5 30. Ra1 Ra8 31. Kf2 Rxa1 32. Rxa1 Kb7 33. Nf3 Bc6 34. Nd2
Rd8 35. Nf3 Bxf3 36. Kxf3 g6 37. Ke2 b4 38. h4 Rb8 39. Ra4 Ra8 40. Rxa8 Kxa8
1/2-1/2

[Event "SC Doppelbauer Brambauer 1 - SV Welper "]
[Site "Verbandsklasse - Gruppe 2 202"]
[Date "2021.11.14"]
[Round "2.6"]
[White "Deckert, Frank"]
[Black "Sharma, Rakesh"]
[Result "0-1"]
[WhiteElo "1835"]
[BlackElo "1762"]
[PlyCount "72"]
[EventDate "2021.??.??"]
[WhiteTeam "SC Doppelbauer Brambauer 1"]
[BlackTeam "SV Welper 2"]

1. c4 c6 2. e4 d5 3. exd5 cxd5 4. cxd5 Nf6 5. Nc3 Nxd5 6. d4 g6 7. Bc4 Nxc3 8.
bxc3 Bg7 9. Nf3 O-O 10. Bf4 Nc6 11. O-O Bg4 12. Re1 Rc8 13. Rc1 e5 14. dxe5
Qxd1 15. Rexd1 Bxf3 16. gxf3 Nxe5 17. Bd5 b6 18. Bg5 h6 19. Be7 Rfe8 20. Bh4
Rc5 21. Kf1 Rec8 22. f4 Ng4 23. c4 Nxh2+ 24. Ke2 Ng4 25. Rg1 Kf8 26. Kd3 Nf6
27. Bxf6 Bxf6 28. Rh1 h5 29. Rhe1 b5 30. a4 bxa4 31. Bb7 Rd8+ 32. Ke2 Re8+ 33.
Kd3 a3 34. Rxe8+ Kxe8 35. Re1+ Kd7 36. Re2 Bb2 0-1

[Event "SC Doppelbauer Brambauer 1 - SV Welper "]
[Site "Verbandsklasse - Gruppe 2 202"]
[Date "2021.11.14"]
[Round "2.7"]
[White "Berke, Martin"]
[Black "Natschke, Norbert"]
[Result "0-1"]
[WhiteElo "1748"]
[BlackElo "1803"]
[PlyCount "64"]
[EventDate "2021.??.??"]
[WhiteTeam "SV Welper 2"]
[BlackTeam "SC Doppelbauer Brambauer 1"]

1. e4 e5 2. Nf3 Nc6 3. Bc4 Bc5 4. c3 Nf6 5. d4 exd4 6. O-O d3 7. Qxd3 O-O 8. b4
Be7 9. e5 d5 10. exf6 dxc4 11. Qxd8 Bxd8 12. b5 Nb8 13. fxg7 Kxg7 14. Bf4 Nd7
15. Nbd2 Nb6 16. a4 Nd5 17. Be5+ f6 18. Bd4 Bf5 19. Ne1 Nf4 20. Nxc4 Ne2+ 21.
Kh1 Nxd4 22. cxd4 a6 23. Ne3 Bd7 24. Nd3 axb5 25. Nc5 Bc8 26. axb5 Rb8 27. Ra7
Be7 28. Rfa1 Rd8 29. Ra8 Rxa8 30. Rxa8 b6 31. Na6 f5 32. g3 Bb7+ 0-1

[Event "SC Doppelbauer Brambauer 1 - SV Welper "]
[Site "Verbandsklasse - Gruppe 2 202"]
[Date "2021.11.14"]
[Round "2.8"]
[White "Rips, Frank"]
[Black "Krummsdorf, Sven"]
[Result "0-1"]
[WhiteElo "1800"]
[BlackElo "1679"]
[PlyCount "114"]
[EventDate "2021.??.??"]
[WhiteTeam "SC Doppelbauer Brambauer 1"]
[BlackTeam "SV Welper 2"]

1. e4 d5 2. exd5 Qxd5 3. Nc3 Qa5 4. d4 Nf6 5. Nf3 Bg4 6. h3 Bh5 7. Bd3 Nc6 8.
g4 Bg6 9. Bd2 Bxd3 10. cxd3 e6 11. a3 Qa6 12. Be3 Rd8 13. O-O Nd5 14. Qe2 Be7
15. Rfd1 O-O 16. Ne4 f5 17. Nc5 Bxc5 18. dxc5 e5 19. Bg5 Rde8 20. gxf5 Nf4 21.
Qe4 Nxh3+ 22. Kg2 Nf4+ 23. Bxf4 exf4 24. Qxf4 Ne7 25. Nd4 Nxf5 26. Nxf5 Qg6+
27. Qg3 Qxf5 28. Re1 Rxe1 29. Rxe1 Qxc5 30. Re5 Qc6+ 31. Kf1 Qc1+ 32. Kg2 Qxb2
33. Re7 c5 34. Rd7 g6 35. Qe3 Qf6 36. Rxb7 Qc6+ 37. Qe4 Qf6 38. Qd5+ Kh8 39.
Kh3 Rd8 40. Qf7 Rxd3+ 41. Kg2 Qxf7 42. Rxf7 Rxa3 43. Rc7 Ra5 44. Kg3 a6 45. Kg4
Kg8 46. Kg5 c4+ 47. Kf6 Rf5+ 48. Ke6 Rxf2 49. Rxc4 h5 50. Ra4 Kg7 51. Rc4 a5
52. Rd4 Rf5 53. Rd7+ Kh6 54. Rd2 h4 55. Rh2 Kh5 56. Rg2 Rf3 57. Rd2 h3 0-1

[Event "SK Werne 1 - SV Recklinghausen-Süd 1"]
[Site "Verbandsklasse - Gruppe 3 202"]
[Date "2021.11.14"]
[Round "2.1"]
[White "Callenberg, Ralf"]
[Black "Schlierkamp, Ferdinand"]
[Result "1/2-1/2"]
[WhiteElo "2033"]
[BlackElo "2003"]
[PlyCount "44"]
[EventDate "2021.??.??"]
[WhiteTeam "SV Recklinghausen-SÃ¼d 1"]
[BlackTeam "SK Werne 1"]

1. c4 e5 2. g3 Nf6 3. Bg2 d5 4. cxd5 Nxd5 5. Nc3 Nb6 6. e3 Nc6 7. Nge2 Be7 8.
O-O O-O 9. f4 exf4 10. Nxf4 Ne5 11. d4 Ng6 12. Nd3 c6 13. Qf3 Be6 14. Nc5 Bxc5
15. dxc5 Nd7 16. b3 Qa5 17. Na4 Rfe8 18. Bb2 Nxc5 19. Nxc5 Qxc5 20. Bd4 Qe7 21.
Qh5 Qd7 22. Bf3 Bd5 1/2-1/2

[Event "SK Werne 1 - SV Recklinghausen-Süd 1"]
[Site "Verbandsklasse - Gruppe 3 202"]
[Date "2021.11.14"]
[Round "2.2"]
[White "Schnelting, Michael"]
[Black "Mecklenburg, Roland"]
[Result "0-1"]
[WhiteElo "1949"]
[BlackElo "1976"]
[PlyCount "78"]
[EventDate "2021.??.??"]
[WhiteTeam "SK Werne 1"]
[BlackTeam "SV Recklinghausen-SÃ¼d 1"]

1. Nf3 g6 2. c4 Bg7 3. g3 e6 4. Bg2 Ne7 5. O-O O-O 6. d4 d5 7. Nbd2 Nf5 8. e3
Nd7 9. Rb1 c6 10. b3 Re8 11. Bb2 Nd6 12. Qc2 f5 13. a4 Nf7 14. b4 g5 15. b5 g4
16. Ne1 Nf6 17. Nd3 Bd7 18. bxc6 bxc6 19. Ba3 Ne4 20. Nb3 Nfg5 21. Bb4 a5 22.
Be1 Ra7 23. Kh1 Nd6 24. cxd5 cxd5 25. Nbc5 Nc4 26. Qb3 Ne4 27. Bxe4 fxe4 28.
Nf4 Bc8 29. Bc3 Bh6 30. Qb8 Rae7 31. Kg2 Rf8 32. Rh1 Qe8 33. Kf1 Bxf4 34. gxf4
Qh5 35. Rg1 Rg7 36. Qb5 Qxh2 37. Nxe4 Na3 38. Qb3 Nxb1 39. Bxa5 Ba6+ 0-1

[Event "SK Werne 1 - SV Recklinghausen-Süd 1"]
[Site "Verbandsklasse - Gruppe 3 202"]
[Date "2021.11.14"]
[Round "2.3"]
[White "Parado, Dominador"]
[Black "Meya, Carsten"]
[Result "1/2-1/2"]
[WhiteElo "1902"]
[BlackElo "1831"]
[PlyCount "128"]
[EventDate "2021.??.??"]
[WhiteTeam "SV Recklinghausen-SÃ¼d 1"]
[BlackTeam "SK Werne 1"]

1. Nf3 b6 2. g3 Bb7 3. Bg2 c5 4. c4 Nf6 5. d3 e6 6. O-O Be7 7. Nc3 O-O 8. e4 d6
9. Bg5 Nbd7 10. h3 Rb8 11. Qd2 Ne8 12. Bxe7 Qxe7 13. Rae1 Ne5 14. Nh2 Nc6 15.
f4 Nd4 16. f5 e5 17. g4 Bc6 18. g5 f6 19. h4 Rb7 20. Kh1 a6 21. Rg1 b5 22. b3
b4 23. Ne2 a5 24. Nxd4 cxd4 25. Bf3 Kh8 26. Rg3 a4 27. Reg1 axb3 28. axb3 Qd8
29. Ng4 Rg8 30. g6 hxg6 31. fxg6 f5 32. Nf2 f4 33. Rg5 Rf8 34. Ng4 Bd7 35. Qg2
Bxg4 36. Qxg4 Nf6 37. Qg2 Qd7 38. h5 Ng8 39. h6 Nxh6 40. Qh2 Qe7 41. Rh5 Kg8
42. Qh3 Ra7 43. Bg4 Rf6 44. Bf5 Qb7 45. Be6+ Kf8 46. Rxh6 gxh6 47. g7+ Qxg7 48.
Rxg7 Kxg7 49. Bf5 Ra3 50. Qg2+ Kf7 51. Qc2 Ke7 52. c5 Rf8 53. c6 Ra1+ 54. Kh2
Ra5 55. c7 Rc5 56. Qd2 Rxc7 57. Qxb4 Rg8 58. Qd2 Rc3 59. Bh3 Rxb3 60. Qa2 Rgb8
61. Qa4 Rb2+ 62. Kg1 Rg8+ 63. Kh1 Rb1+ 64. Kh2 Rb2+ 1/2-1/2

[Event "SK Werne 1 - SV Recklinghausen-Süd 1"]
[Site "Verbandsklasse - Gruppe 3 202"]
[Date "2021.11.14"]
[Round "2.4"]
[White "GÃ¤ÃŸner, Marcus"]
[Black "HÃ¶fker, Mathias"]
[Result "1/2-1/2"]
[WhiteElo "1821"]
[BlackElo "2073"]
[PlyCount "93"]
[EventDate "2021.??.??"]
[WhiteTeam "SK Werne 1"]
[BlackTeam "SV Recklinghausen-SÃ¼d 1"]

1. b3 Nf6 2. Bb2 g6 3. e3 Bg7 4. Be2 O-O 5. f4 c5 6. Nf3 Nc6 7. O-O b6 8. c4
Bb7 9. d4 cxd4 10. Nxd4 Nxd4 11. Bxd4 d5 12. Bf3 Ba6 13. Nd2 Rc8 14. Be2 Qd7
15. Re1 Rfd8 16. Rc1 dxc4 17. Nxc4 Qe6 18. Ne5 Bxe2 19. Rxe2 Ng4 20. Rxc8 Rxc8
21. Nxg4 Qxg4 22. Bxg7 Kxg7 23. Qd4+ Kg8 24. Qd2 h5 25. Re1 Qf5 26. Rc1 Rxc1+
27. Qxc1 e5 28. Qd2 exf4 29. exf4 Qe4 30. Kf2 Kf8 31. Qd8+ Kg7 32. Qd2 Kf6 33.
g3 Ke6 34. h4 Qd5 35. Qe2+ Kf6 36. Qb2+ Ke6 37. Qe2+ Kd7 38. Qa6 Qc5+ 39. Kf3
b5 40. Qb7+ Ke6 41. Qe4+ Kd6 42. Ke2 Qc3 43. Qd3+ Qxd3+ 44. Kxd3 Kd5 45. a3 a6
46. Ke3 a5 47. Kd3 1/2-1/2

[Event "SK Werne 1 - SV Recklinghausen-Süd 1"]
[Site "Verbandsklasse - Gruppe 3 202"]
[Date "2021.11.14"]
[Round "2.5"]
[White "Stahlhofen, Thomas"]
[Black "HÃ¶rstrup, Robert"]
[Result "1-0"]
[WhiteElo "1802"]
[BlackElo "1713"]
[PlyCount "59"]
[EventDate "2021.??.??"]
[WhiteTeam "SV Recklinghausen-SÃ¼d 1"]
[BlackTeam "SK Werne 1"]

1. e4 e5 2. Nf3 Nc6 3. Bb5 a6 4. Ba4 Nf6 5. O-O Nxe4 6. d4 b5 7. Bb3 d5 8. dxe5
Be6 9. a4 Nc5 10. axb5 Nxb3 11. cxb3 axb5 12. Rxa8 Qxa8 13. Nc3 Na7 14. Qd3 Qb7
15. Rd1 c6 16. Ne4 Be7 17. Nd6+ Bxd6 18. exd6 Nc8 19. Bf4 h6 20. Nd4 Qd7 21.
Qg3 g5 22. Be5 Rg8 23. Rc1 Na7 24. Qc3 f6 25. Bxf6 Kf7 26. Qf3 Kg6 27. Be7 Bf5
28. Nxf5 Qxf5 29. Qxf5+ Kxf5 30. d7 1-0

[Event "SK Werne 1 - SV Recklinghausen-Süd 1"]
[Site "Verbandsklasse - Gruppe 3 202"]
[Date "2021.11.14"]
[Round "2.6"]
[White "Schotte, Ralf"]
[Black "Nguyen, Heinrich"]
[Result "1-0"]
[WhiteElo "1707"]
[BlackElo "1181"]
[PlyCount "53"]
[EventDate "2021.??.??"]
[WhiteTeam "SK Werne 1"]
[BlackTeam "SV Recklinghausen-SÃ¼d 1"]

1. e4 c5 2. Nf3 d6 3. Be2 Nc6 4. c3 g6 5. d3 Bg7 6. O-O e6 7. Be3 Nge7 8. Nbd2
O-O 9. a4 Rb8 10. Ne1 a6 11. f4 b5 12. axb5 axb5 13. Nc2 b4 14. e5 Nf5 15. Bf2
Qe7 16. Ne4 Qc7 17. g4 d5 18. Nxc5 Nfe7 19. d4 bxc3 20. bxc3 Na5 21. Nb4 Qd8
22. Bh4 Re8 23. Qa4 Ra8 24. Bb5 Rf8 25. Nc6 Qc7 26. Nxe7+ Kh8 27. Nc6 1-0

[Event "SK Werne 1 - SV Recklinghausen-Süd 1"]
[Site "Verbandsklasse - Gruppe 3 202"]
[Date "2021.11.14"]
[Round "2.7"]
[White "Komossa, Julian"]
[Black "HÃ¶selbarth, Thomas"]
[Result "1/2-1/2"]
[WhiteElo "1414"]
[BlackElo "1571"]
[PlyCount "86"]
[EventDate "2021.??.??"]
[WhiteTeam "SV Recklinghausen-SÃ¼d 1"]
[BlackTeam "SK Werne 1"]

1. e4 e5 2. Nf3 Nc6 3. d4 exd4 4. Nxd4 Nf6 5. Nxc6 bxc6 6. e5 Nd5 7. c4 Nb6 8.
Nc3 Bc5 9. Qg4 g6 10. Bh6 d5 11. Qf3 Bb7 12. Bg7 Rg8 13. Bf6 Be7 14. O-O-O Qd7
15. Ne4 Qf5 16. Qxf5 gxf5 17. Bxe7 Kxe7 18. Nf6 Rg7 19. Bd3 Bc8 20. g3 Be6 21.
Rhe1 dxc4 22. Bf1 Rb8 23. Bg2 c5 24. Nd5+ Nxd5 25. Bxd5 Rgg8 26. Bxe6 fxe6 27.
f4 h5 28. Kc2 h4 29. Re3 Rg4 30. Kc3 Rbg8 31. Rg1 Kd7 32. Kxc4 Kc6 33. Rf3 Rd8
34. h3 Rd4+ 35. Kc3 Rxg3 36. Rfxg3 hxg3 37. Rxg3 Rxf4 38. Rd3 Rh4 39. b3 f4 40.
Kd2 Rh5 41. Ke2 Rxe5+ 42. Kf3 Rf5 43. Ke4 Rf7 1/2-1/2

[Event "SK Werne 1 - SV Recklinghausen-Süd 1"]
[Site "Verbandsklasse - Gruppe 3 202"]
[Date "2021.11.14"]
[Round "2.8"]
[White "Nadrowski, Joseph"]
[Black "Stahlhofen, Paul"]
[Result "0-1"]
[WhiteElo "1533"]
[BlackElo "1052"]
[PlyCount "81"]
[EventDate "2021.??.??"]
[WhiteTeam "SK Werne 1"]
[BlackTeam "SV Recklinghausen-SÃ¼d 1"]

1. Nf3 Nf6 2. g3 d5 3. c4 c6 4. cxd5 cxd5 5. Bg2 Nc6 6. O-O Bf5 7. d3 Qd7 8. a3
Bh3 9. Nbd2 Bxg2 10. Kxg2 e5 11. b4 Bd6 12. Bb2 h5 13. b5 Nd4 14. Bxd4 exd4 15.
h4 Qg4 16. Nh2 Qg6 17. Ndf3 Ng4 18. Nxg4 Qxg4 19. Qd2 f6 20. e3 g5 21. Nh2 Qf5
22. exd4 gxh4 23. Qe2+ Kd7 24. Qf3 Qxf3+ 25. Kxf3 hxg3 26. fxg3 Rag8 27. Rg1 h4
28. Nf1 hxg3 29. Ra2 f5 30. a4 f4 31. Re2 Rh4 32. Nd2 Rgh8 33. Reg2 Ke6 34. Ke2
Rh2 35. Nf3 Rxg2+ 36. Rxg2 Rh1 37. Rg1 Rxg1 38. Nxg1 Kf5 39. Kf3 Kg5 40. Nh3+
Kh5 41. Ng1 0-1

[Event "SV Sterkrade-Nord 2 - SF Brackel 4"]
[Site "Verbandsklasse - Gruppe 3 202"]
[Date "2021.11.14"]
[Round "2.1"]
[White "Boehm, Malte"]
[Black "Wortmann, Dirk"]
[Result "1/2-1/2"]
[WhiteElo "1994"]
[BlackElo "1946"]
[PlyCount "63"]
[EventDate "2021.??.??"]
[WhiteTeam "SF Brackel 4"]
[BlackTeam "SV Sterkrade-Nord 2"]

1. e4 c5 2. Nc3 d6 3. f4 Nf6 4. Nf3 Nc6 5. Bc4 e6 6. d3 Be7 7. O-O O-O 8. a3 a6
9. Ba2 b5 10. Ne2 Bb7 11. Ng3 Qb6 12. f5 e5 13. Bg5 Nd4 14. Bxf6 Bxf6 15. Nh5
Qd8 16. Nxd4 cxd4 17. Qg4 Kh8 18. Rf3 Qe7 19. Rh3 Bg5 20. Rf1 f6 21. Rff3 h6
22. Rhg3 Rfc8 23. h4 Be3+ 24. Rxe3 dxe3 25. Qxg7+ Qxg7 26. Rxg7 Rxc2 27. Rf7
Rc1+ 28. Kh2 e2 29. Nxf6 Rh1+ 30. Kxh1 e1=Q+ 31. Kh2 Qxh4+ 32. Kg1 1/2-1/2

[Event "SV Sterkrade-Nord 2 - SF Brackel 4"]
[Site "Verbandsklasse - Gruppe 3 202"]
[Date "2021.11.14"]
[Round "2.2"]
[White "Drescher, Roland"]
[Black "Krueger, Sven"]
[Result "1-0"]
[WhiteElo "1937"]
[BlackElo "1911"]
[PlyCount "103"]
[EventDate "2021.??.??"]
[WhiteTeam "SV Sterkrade-Nord 2"]
[BlackTeam "SF Brackel 4"]

1. d4 Nf6 2. Nf3 g6 3. Nbd2 Bg7 4. e4 d6 5. Bc4 O-O 6. Qe2 e6 7. Bb3 Nbd7 8.
O-O a5 9. a4 b6 10. Rd1 Bb7 11. c3 c5 12. h3 Qc7 13. Bc2 Nh5 14. Nf1 Rfe8 15.
Be3 Kh8 16. g4 Nhf6 17. Ng3 e5 18. d5 Ba6 19. c4 Nf8 20. b3 Qe7 21. Qd2 Bc8 22.
Kg2 Ng8 23. Rh1 h6 24. Rag1 Nh7 25. Kf1 f6 26. Rg2 Ra7 27. Rhg1 Qf7 28. Nh4 g5
29. Nhf5 Bxf5 30. Nxf5 Rd7 31. Rh1 Ne7 32. h4 Nxf5 33. gxf5 Kg8 34. Bd1 Ree7
35. hxg5 fxg5 36. Bh5 Qf6 37. Rhg1 Bf8 38. Bg6 Rg7 39. Bh5 Be7 40. Rh1 Nf8 41.
Rgh2 Rh7 42. Qe2 Bd8 43. Qg4 Rdg7 44. Rh3 Be7 45. Qg2 Bd8 46. Qh2 Be7 47. Bg4
Bd8 48. Rxh6 Rxh6 49. Qxh6 Qxh6 50. Rxh6 Rh7 51. Rxd6 Rd7 52. Rc6 1-0

[Event "SV Sterkrade-Nord 2 - SF Brackel 4"]
[Site "Verbandsklasse - Gruppe 3 202"]
[Date "2021.11.14"]
[Round "2.3"]
[White "Strack, Patrick"]
[Black "Labuda, Markus"]
[Result "1/2-1/2"]
[WhiteElo "1855"]
[BlackElo "1946"]
[PlyCount "75"]
[EventDate "2021.??.??"]
[WhiteTeam "SF Brackel 4"]
[BlackTeam "SV Sterkrade-Nord 2"]

1. e4 e6 2. d4 d5 3. Nd2 Nf6 4. e5 Nfd7 5. f4 c5 6. c3 Nc6 7. Ndf3 Qb6 8. Ne2
a5 9. g3 Be7 10. Bh3 a4 11. O-O O-O 12. f5 exf5 13. Bxf5 cxd4 14. cxd4 Ncxe5
15. Nxe5 Nxe5 16. Nc3 Be6 17. Bxh7+ Kxh7 18. Qh5+ Kg8 19. Qxe5 Bd6 20. Qe3 a3
21. bxa3 Bxa3 22. Bxa3 Rxa3 23. Rab1 Qa5 24. Rb3 Rxb3 25. axb3 Rc8 26. Na4 Bh3
27. Re1 b6 28. Rc1 Rxc1+ 29. Qxc1 Qb4 30. Qe3 Qa3 31. Kf2 Qa2+ 32. Kf3 Qg2+ 33.
Kf4 Be6 34. Nxb6 Qxh2 35. Na4 Qh6+ 36. Kf3 Bg4+ 37. Kf2 Qh2+ 38. Ke1 1/2-1/2

[Event "SV Sterkrade-Nord 2 - SF Brackel 4"]
[Site "Verbandsklasse - Gruppe 3 202"]
[Date "2021.11.14"]
[Round "2.4"]
[White "Altenburg, Frank"]
[Black "Garbuz, Nicole"]
[Result "1-0"]
[WhiteElo "1853"]
[BlackElo "1820"]
[PlyCount "41"]
[EventDate "2021.??.??"]
[WhiteTeam "SV Sterkrade-Nord 2"]
[BlackTeam "SF Brackel 4"]

1. d4 d5 2. Nf3 Nf6 3. g3 e6 4. Bg2 c5 5. O-O Nc6 6. c4 Ne4 7. cxd5 exd5 8. Nc3
f5 9. dxc5 Nxc3 10. bxc3 Bxc5 11. Qb3 O-O 12. Ng5 Ne7 13. Rd1 Kh8 14. Bxd5 Nxd5
15. Rxd5 Qb6 16. Rxc5 Qxc5 17. Ba3 Qe5 18. Bxf8 Qf6 19. Nf7+ Kg8 20. Ng5+ Kh8
21. Be7 1-0

[Event "SV Sterkrade-Nord 2 - SF Brackel 4"]
[Site "Verbandsklasse - Gruppe 3 202"]
[Date "2021.11.14"]
[Round "2.5"]
[White "Gromov, Alexander"]
[Black "Matthies, Jochen"]
[Result "0-1"]
[WhiteElo "1765"]
[BlackElo "1747"]
[PlyCount "58"]
[EventDate "2021.??.??"]
[WhiteTeam "SF Brackel 4"]
[BlackTeam "SV Sterkrade-Nord 2"]

1. e4 e5 2. Nf3 d6 3. d4 exd4 4. Nxd4 Nf6 5. Nc3 Nbd7 6. Be3 g6 7. f3 Bg7 8.
Qd2 a6 9. O-O-O Nc5 10. g4 Ne6 11. Bc4 b5 12. Nc6 Qd7 13. Bd5 Nxd5 14. exd5 Nd8
15. Nxd8 Qxd8 16. Bg5 f6 17. Rde1+ Kf7 18. Bh4 Bd7 19. h3 Re8 20. Kb1 a5 21.
Ne4 b4 22. f4 Qb8 23. Qf2 Qb5 24. Qd2 Qc4 25. Ng3 a4 26. Ne2 f5 27. g5 b3 28.
cxb3 axb3 29. axb3 Qe4+ 0-1

[Event "SV Sterkrade-Nord 2 - SF Brackel 4"]
[Site "Verbandsklasse - Gruppe 3 202"]
[Date "2021.11.14"]
[Round "2.6"]
[White "Schmidt, Michael"]
[Black "Vorobyov, Boris"]
[Result "0-1"]
[WhiteElo "1753"]
[BlackElo "1748"]
[PlyCount "90"]
[EventDate "2021.??.??"]
[WhiteTeam "SV Sterkrade-Nord 2"]
[BlackTeam "SF Brackel 4"]

1. e4 e5 2. Nc3 Nf6 3. f4 d6 4. Nf3 Nc6 5. Bc4 Bg4 6. d3 Qd7 7. h3 Bxf3 8. Qxf3
a6 9. a4 h5 10. Be3 O-O-O 11. Nd5 Nxd5 12. exd5 Nd4 13. Qf2 Nf5 14. O-O Nxe3
15. Qxe3 Kb8 16. f5 g6 17. Qe4 gxf5 18. Qxf5 Bh6 19. Qxf7 Bf4 20. Qxd7 Rxd7 21.
Rf3 Rg8 22. d4 Rdg7 23. Bf1 Rg3 24. Kf2 Rxf3+ 25. Kxf3 Rf8 26. Ke4 exd4 27. Be2
Re8+ 28. Kxf4 Rxe2 29. g4 hxg4 30. hxg4 Rxc2 31. Ke4 Rg2 32. Kf3 Rxb2 33. g5
Rh2 34. g6 Rh8 35. Ke4 c5 36. Rf1 Re8+ 37. Kd3 Re3+ 38. Kd2 Rg3 39. Rf6 c4 40.
a5 Rg2+ 41. Kd1 c3 42. Rf8+ Ka7 43. Rc8 Rxg6 44. Kc2 Rg5 45. Kd3 Rxd5 0-1

[Event "SV Sterkrade-Nord 2 - SF Brackel 4"]
[Site "Verbandsklasse - Gruppe 3 202"]
[Date "2021.11.14"]
[Round "2.7"]
[White "Moerchel, Lou Malte"]
[Black "Schocke, Mark"]
[Result "1/2-1/2"]
[WhiteElo "1720"]
[BlackElo "1712"]
[PlyCount "66"]
[EventDate "2021.??.??"]
[WhiteTeam "SF Brackel 4"]
[BlackTeam "SV Sterkrade-Nord 2"]

1. e4 d6 2. d4 Nf6 3. Nc3 g6 4. Bg5 a6 5. Qd2 b5 6. Bd3 Bb7 7. f3 Nbd7 8. Nge2
c5 9. dxc5 Nxc5 10. b4 Ne6 11. Be3 Bg7 12. Ng3 O-O 13. Rc1 Rc8 14. Nb1 d5 15.
exd5 Bxd5 16. Nc3 Qc7 17. Nge2 Rfd8 18. Nxd5 Nxd5 19. O-O Nc3 20. a3 h5 21. Nf4
Nxf4 22. Bxf4 Be5 23. Bxe5 Qxe5 24. Rfe1 Qd6 25. Qg5 e6 26. Bxg6 Qd4+ 27. Kh1
Qg7 28. Bxf7+ Kxf7 29. Qxh5+ Ke7 30. Qh4+ Qf6 31. Qh7+ Qf7 32. Qh4+ Qf6 33.
Qh7+ Qf7 1/2-1/2

[Event "SV Sterkrade-Nord 2 - SF Brackel 4"]
[Site "Verbandsklasse - Gruppe 3 202"]
[Date "2021.11.14"]
[Round "2.8"]
[White "Wachsmuth, Guenter"]
[Black "Schroeder, Thomas"]
[Result "1-0"]
[WhiteElo "1670"]
[BlackElo "1564"]
[PlyCount "57"]
[EventDate "2021.??.??"]
[WhiteTeam "SV Sterkrade-Nord 2"]
[BlackTeam "SF Brackel 4"]

1. e4 c6 2. c4 d5 3. cxd5 cxd5 4. exd5 Nf6 5. Qa4+ Bd7 6. Qb3 Qc7 7. Nc3 Na6 8.
Nf3 Nc5 9. Qd1 Qa5 10. Be2 b5 11. b4 Qxb4 12. O-O Qa5 13. d4 Nb7 14. Bd2 b4 15.
Qb3 Nd6 16. Nd1 Nxd5 17. a4 e6 18. Ne5 Qb6 19. Be3 Rb8 20. Bf3 Qa5 21. Nb2 Nb6
22. Nc6 Bxc6 23. Bxc6+ Kd8 24. Rac1 Ne8 25. Nc4 Nxc4 26. Rxc4 Nd6 27. Rc5 Qb6
28. d5 e5 29. Rb5 1-0